The noble scholar, jurist, historian


 His Excellency Dr. Abdul Wahhab bin Ibrahim Abu Sulaiman, may Allah have mercy on him.


 He was born in Umm Al-Qura in the year 1356 AH.

البيان والإعراب عما بأرض مصر من الأعراب / (Record no. 14550)

MARC details
000 -LEADER
fixed length control field 02451cam a2200289 i 4500
003 - CONTROL NUMBER IDENTIFIER
control field SA-RiAUC
005 - DATE AND TIME OF LATEST TRANSACTION
control field 20260313115427.0
008 - FIXED-LENGTH DATA ELEMENTS--GENERAL INFORMATION
fixed length control field 260312s1916 ua g 00010 ara c
040 ## - CATALOGING SOURCE
Original cataloging agency SA-RiAUC
Language of cataloging ara
Transcribing agency SA-RiAUC
Description conventions rda
043 ## - GEOGRAPHIC AREA CODE
Geographic area code f-ua---
082 04 - DEWEY DECIMAL CLASSIFICATION NUMBER
Classification number 929.20962
090 ## - LOCALLY ASSIGNED LC-TYPE CALL NUMBER (OCLC); LOCAL CALL NUMBER (RLIN)
Classification number (OCLC) (R) ; Classification number, CALL (RLIN) (NR) م ن 929.20962
Local cutter number (OCLC) ; Book number/undivided call number, CALL (RLIN) م ق ر
100 1# - MAIN ENTRY--PERSONAL NAME
Personal name المقريزي، أحمد بن علي بن عبد القادر،
Dates associated with a name 766-845 هجري
Relator term مؤلف.
245 12 - TITLE STATEMENT
Title البيان والإعراب عما بأرض مصر من الأعراب /
Statement of responsibility, etc. تأليف أحمد بن علي بن عبد القادر المقريزي ؛ مراجعة ونشر إبراهيم رمزي.
264 #1 - PRODUCTION, PUBLICATION, DISTRIBUTION, MANUFACTURE, AND COPYRIGHT NOTICE
Place of production, publication, distribution, manufacture القاهرة :
Name of producer, publisher, distributor, manufacturer حمد الباسل،
Date of production, publication, distribution, manufacture, or copyright notice 1916
300 ## - PHYSICAL DESCRIPTION
Extent 70 صفحة ؛
Dimensions 29 سم
336 ## - CONTENT TYPE
Content type term نص
Content type code txt
Source rdacontent
Materials specified كتاب
337 ## - MEDIA TYPE
Media type term بدون وسيط
Media type code n
Source rdamedia
338 ## - CARRIER TYPE
Carrier type term مجلد
Carrier type code nc
Source rdacarrier
650 #7 - SUBJECT ADDED ENTRY--TOPICAL TERM
Topical term or geographic name entry element القبائل العربية
Geographic subdivision مصر
Chronological subdivision العصر المملوكي، 1250-1517
Source of heading or term aucsh
651 #7 - SUBJECT ADDED ENTRY--GEOGRAPHIC NAME
Geographic name مصر
General subdivision تاريخ
Source of heading or term aucsh
700 0# - ADDED ENTRY--PERSONAL NAME
Personal name إبراهيم رمزي بن محمد رمزي بن محمد الكبير الأرضروملي،
Titles and other words associated with a name بك،
Dates associated with a name 1284-1343 هجري
Relator term مراجع.
856 ## - ELECTRONIC LOCATION AND ACCESS
Uniform Resource Identifier <a href="http://www.alwaraq.net/Core/AlwaraqSrv/bookpage?book=574&amp;option=1&fkey=2&page=1">http://www.alwaraq.net/Core/AlwaraqSrv/bookpage?book=574&amp;option=1&fkey=2&page=1</a>
Link text Digital Copy
Access method نرجو الانتباه لإمكانية وجود اختلاف في الطبعة أو الناشر بين البيانات على البوابة وما ستجده على الكتاب نظرا لمحدودية المعلومات المتاحة على الموقع الناشر للمادة.
Materials specified Please note that there may be a difference in the edition or publisher between the data on the portal and the book due to the limited information available on the publisher website for the material.
856 ## - ELECTRONIC LOCATION AND ACCESS
Uniform Resource Identifier <a href="http://www.alwaraq.net/Core/waraq/coverpage?bookid=574&amp;option=1">http://www.alwaraq.net/Core/waraq/coverpage?bookid=574&amp;option=1</a>
Link text External Link
Access method نرجو الانتباه لإمكانية وجود اختلاف في الطبعة أو الناشر بين البيانات على البوابة وما ستجده على الكتاب نظرا لمحدودية المعلومات المتاحة على الموقع الناشر للمادة.
Materials specified Please note that there may be a difference in the edition or publisher between the data on the portal and the book due to the limited information available on the publisher website for the material.
942 ## - ADDED ENTRY ELEMENTS (KOHA)
Source of classification or shelving scheme Dewey Decimal Classification
Koha item type كتاب مصور نادر
Suppress in OPAC No
949 ## - LOCAL PROCESSING INFORMATION (OCLC)
a SA-JeALM
d 260312
u mohamedma123
n 1
Holdings
Withdrawn status Lost status Source of classification or shelving scheme Damaged status Not for loan Home library Current library Date acquired Total checkouts Full call number Barcode Date last seen Price effective from Koha item type
    Dewey Decimal Classification     DR AbdElwahab Library DR AbdElwahab Library 03/13/2026   م ن 929.20962 م ق ر 000023036 03/13/2026 03/13/2026 كتاب مصور نادر